| 000 | 00649nam a22002297a 4500 | ||
|---|---|---|---|
| 005 | 20170124105927.0 | ||
| 010 | _a991259 | ||
| 020 | _c00 | ||
| 035 | _a991259 | ||
| 037 | _bCen Lib/Ret | ||
| 040 |
_aDPL _bEN |
||
| 082 | _a330.15 | ||
| 100 |
_aPaul, R.R. _97091 |
||
| 245 |
_aHistory of economic thought / _cby R.R. Paul |
||
| 260 |
_aLudhiyana _bKalyani Publishers _c1979 |
||
| 270 |
_achaura bazar _bLudhiyana _e141008 |
||
| 300 |
_axxxv, 595p. _c19cm(Hb) |
||
| 500 | _aIncludes bibliographical references | ||
| 650 |
_aEconomics _973533 |
||
| 650 |
_aHistorical thoughts _97093 |
||
| 942 |
_2ddc _cEN _h330.15 _mPAU |
||
| 999 |
_c123593 _d123593 |
||